Milky Chance Charting Songs (Billboard Hot Rock) - Statistics

General Stats
  • This quiz has been taken 25 times
  • The average score is 3 of 7
Answer Stats
Album Weeks On Peak Artist(s) Song % Correct
Sadnecessary 45 Weeks #4 Milky Chance Stolen Dance
100%
Sadnecessary 20 Weeks #38 Milky Chance Flashed Junk Mind
55%
Sadnecessary 1 Week #26 Milky Chance Sadnecessary
55%
Blossom 16 Weeks #29 Milky Chance Cocoon
50%
Trip Tape 20 Weeks #28 Milky Chance Colorado
30%
Non-Album Single 2 Weeks #48 Milky Chance & Jack Johnson Don't Let Me Down
30%
Sadnecessary 1 Week #31 Milky Chance Stunner
15%
No matching quizzes found
Score Distribution
Percent of People with Each Score
Percentile by Number Answered
Your Score History
You have not taken this quiz